ARRUPE JESUIT UNIVERSITY

CORONAVIRUS -STOP THE SPREAD - CLEAN,DISINFECT,COVER

Taste and see (Record no. 130426)

MARC details
000 -LEADER
fixed length control field 00409nam a22001337a 4500
008 - FIXED-LENGTH DATA ELEMENTS--GENERAL INFORMATION
fixed length control field 200318b ||||| |||| 00| 0 eng d
050 ## - LIBRARY OF CONGRESS CALL NUMBER
Classification number BT121.2.V185
100 ## - MAIN ENTRY--PERSONAL NAME
Personal name Valles, Carlos G.
9 (RLIN) 43357
245 ## - TITLE STATEMENT
Title Taste and see
Remainder of title gifts and fruits of spirit
Statement of responsibility, etc carlos G. Valles
260 ## - PUBLICATION, DISTRIBUTION, ETC. (IMPRINT)
Place of publication, distribution, etc India
Name of publisher, distributor, etc Gujarat Sahitya Prakash
Date of publication, distribution, etc 1990
300 ## - PHYSICAL DESCRIPTION
Extent x, 214p. ;
Dimensions 22cm.
650 ## - SUBJECT ADDED ENTRY--TOPICAL TERM
Topical term or geographic name as entry element Holy spirit
9 (RLIN) 49711
942 ## - ADDED ENTRY ELEMENTS (KOHA)
Source of classification or shelving scheme Library of Congress Classification
Item type Monograph ( Printed materials)
Holdings
Withdrawn status Lost status Source of classification or shelving scheme Damaged status Not for loan Collection code Home library Current library Shelving location Date acquired Total Checkouts Full call number Barcode Date last seen Price effective from Koha item type
    Library of Congress Classification     Main Collection ARRUPE LIBRARY ARRUPE LIBRARY Main Collection 18/03/2020   BT121.2.V185 46600006856 18/03/2020 18/03/2020 Monograph ( Printed materials)

 

Arrupe Library. PO Box MP320 Mt Pleasant, Harare, Zimbabwe
263 242 745411|librarian@aju.ac.zw